[Event "Puchong op 6th"]
[Site "Puchong"]
[Date "2019.08.24"]
[Round "2"]
[White "Wan Abd Rahim, Wan Mohd Azmie"]
[Black "Hiu, Jack Yuan"]
[Result "1/2-1/2"]
[WhiteElo "1777"]
[BlackElo "1473"]
[PlyCount "143"]
[EventDate "2019.08.24"]
[EventType "swiss"]
[EventRounds "6"]
[EventCountry "MAS"]
[SourceTitle "EXT 2020"]
[Source "ChessBase"]
[SourceDate "2019.10.17"]
[SourceVersion "1"]
[SourceVersionDate "2019.10.17"]
[SourceQuality "1"]

1. d4 Nf6 2. c4 g6 3. Nc3 Bg7 4. Nf3 d6 5. g3 0-0 6. Bg2 c6 7. 0-0 Qc7 8. h3 e5 9. d5 a5 10. Be3 Nh5 11. c5 dxc5 12. dxc6 Nxc6 13. Nd5 Qd8 14. Bxc5 Be6 15. Bxf8 Bxf8 16. Nc3 Qb6 17. Na4 Qa7 18. Kh2 Rd8 19. Qc1 Nf6 20. Ng5 Bh6 21. f4 exf4 22. gxf4 Bxg5 23. fxg5 Nd5 24. Nc5 Nd4 25. Nxe6 Nxe6 26. Bxd5 Rxd5 27. Qc8+ Rd8 28. Qc3 Qb8+ 29. Qg3 Qxg3+ 30. Kxg3 Rd2 31. h4 Rxb2 32. Rab1 Rxe2 33. Rxb7 Nd8 34. Rd7 Re8 35. Rfd1 Nc6 36. R1d6 Ne7 37. Rf6 Nf5+ 38. Kf4 Rf8 39. Rxf5 gxf5 40. Ra7 Rc8 41. h5 Rc4+ 42. Kxf5 Rc5+ 43. Kf6 Rc6+ 44. Ke5 Rc5+ 45. Kf4 Kg7 46. Ra6 Rc4+ 47. Kf3 Rc5 48. h6+ Kf8 49. Kg4 Ke7 50. Kh5 Re5 51. Kg4 Rc5 52. Ra7+ Ke6 53. Ra8 Rc4+ 54. Kh5 Ra4 55. Re8+ Kf5 56. Rf8 Ke6 57. Rh8 Rxa2 58. Rxh7 a4 59. Rh8 Kf5 60. Kh4 a3 61. Rg8 Ra1 62. h7 Rh1+ 63. Kg3 a2 64. Ra8 Rxh7 65. Ra5+ Kg6 66. Kg4 Rh2 67. Ra6+ Kg7 68. Kg3 Rb2 69. Kf3 Rd2 70. Ke3 Rc2 71. Kf3 Rc5 72. Kf4 1/2-1/2